00921nam a2200217 i 4500001000700000003000900007005001700016007000300033008004100036245018300077260006100260300003900321490002900360650004100389700002900430710004500459830003700504852002200541999001900563952012100582142624ES-MaACL20230906200557.0t|071009s1957 sp f |||| | spa d04aLos viajeros extranjeros y la fiesta de toros (siglos XVI a XVIII)b: selección de inéditos, olvidados o desdeñados / crecopilación, estudio y notas por Auguste Lafront. a[Madrid] : bUnión de Bibliófilos Taurinos, c[1957] a190 p., 10 h. de lám. ; c24 cm.1 aColección Ybarra ; v1 4aCorridas de toros-zEspaña.9113731 aLafront, Auguste.9695262 aUnión de Bibliófilos Taurinos.970050 aColección Ybarra ; v19187249 aES-MaACLjC-14086 c142624d142624 00104070aATENEOMbATENEOMcSPALd2008-01-17eSCl0oC-14086p1148400r2023-02-23 00:00:00w2023-02-23yMONOGRAFIA